| 000 | 00518nam a22001577a 4500 | ||
|---|---|---|---|
| 003 | NUST | ||
| 038 | _aNusrat Nadeem | ||
| 082 | _a200 | ||
| 100 |
_aMinhas, Madeeha _997376 |
||
| 245 |
_aA comparative analysis of GANS for generating synthetic network traffic datasets / _cMadeeha Minhas |
||
| 264 |
_aIslamabad : _bSEECS, NUST, _c2022. |
||
| 650 |
_aMS-Computer Science _926780 |
||
| 700 |
_aSupervisor: Dr. Syed Taha Ali _997104 |
||
| 856 | _uhttp://10.250.8.41:8080/xmlui/handle/123456789/29989 | ||
| 942 |
_2ddc _cSC |
||
| 999 |
_c591039 _d591039 |
||